| 000 | 00852nam a2200217 a 4500 | ||
|---|---|---|---|
| 001 | 000028886 | ||
| 005 | 20200930055210.0 | ||
| 008 | 110412d2010 dr f000 0 spa d | ||
| 040 |
_aDO-SdBNP _bspa _cBNPHU |
||
| 082 |
_a347.05 _bR426m, 2010 |
||
| 110 | 1 |
_aRepública Dominicana. _cSuprema Corte de Justicia _97906 |
|
| 240 | 1 | 0 | _a[Leyes, etc.] |
| 245 | 1 | 0 |
_aMedidas anticipadas a la vigencia del nuevo código procesal penal : _b(resolución 1920-2003 13 de noviembre del 2003). |
| 260 |
_aSanto Domingo : _bSuprema Corte de Justicia, _c[2010?]. |
||
| 300 |
_a45 P. ; _c22 cm. |
||
| 590 | _aInventariado, 2018/LP | ||
| 650 | 4 |
_aDerecho penal _xLegislación _zRepública Dominicana _916570 |
|
| 650 | 4 |
_aProcedimiento penal _zRepública Dominicana _914474 |
|
| 650 | 4 |
_aLeyes _zRepública Dominicana _93033 |
|
| 910 | _aValidado. Control de calidad. EMS. | ||
| 999 |
_c28378 _d28378 |
||